Responses for Show #3639 - Thursday, June 1, 2000

Contestants

[<< previous game]

Kevin Glaccum, an actor from Philadelphia, Pennsylvania

Lise Stephenson, a construction accountant from Metairie, Louisiana

Jamie Meyers, a systems administrator from Toledo, Ohio (whose 1-day cash winnings total $12,800)

[next game >>]

Jeopardy! Round responses

COASTAL COMMUNITIES
SPORTS SUPERSTITIONS
THE SOMEONE OF SOMEWHERE
STUPID ANSWERS
COLORS
(Alex: We'll give you shades, you give us the color.)
"OO", SORRY!
(Alex: You may hear me say that a lot!)
    $100 3
(Alex: This should be in the "Stupid Answers" category!)

Nome

Kevin
    $100 24
The ring

Kevin
    $100 18
(Lise: Who is Butch Cassidy?)
(Kevin: Who is "The Gentleman Outlaw"?)

Robin Hood

LiseKevin
Triple Stumper
    $100 1
Bulls

Lise
    $100 5
Yellow

Kevin
    $100 13
Bamboo

Kevin
    $200 4
New Haven, Connecticut

Lise
    $200 27
Baseball

Jamie
    $200 19
(Jamie: Who is Ovid?)

Homer

JamieKevin
    $200 2
Pine trees

Kevin
    $200 6
Red

Kevin
    $200 14
Igloo

Lise
    $300 23
Massachusetts

Jamie
    $300 28
Tennis

Jamie
    $300 20
Appomattox

Kevin
    $300 8
(Kevin: What is the Congo?)
(Lise: What is Bangui?)

Central African Republic

JamieLiseKevin
    $300 7
Purple

Jamie
    $300 15
Kazoo

Jamie
    $400 25
Monterey

Kevin
    $400 29
Hockey

Jamie
    $400 21
The battlefield

Kevin
    $400 9
1

Kevin
    $400 11
Green

Kevin
    $400 16
Shampoo

Kevin
    $500 26
Oregon

Triple Stumper
    $500 30
Your catch/number of fish you caught

Kevin
    $500 22
Cicero

Triple Stumper
    $500 10
(Kevin: What is the Americas?)

the America

LiseKevin
    $500 12
Blue

Kevin
    $800 17
(Alex: Right next to Kitchener.)

Waterloo

Kevin

Scores at the first commercial break (after clue 15):

Jamie Lise Kevin
$900 $700 $1,200

Scores at the end of the Jeopardy! Round:

Jamie Lise Kevin
$1,900 $600 $4,200

Double Jeopardy! Round responses

GOVERNORS
THE CINEMA
THE JOY OF INSECTS
TO THE MAX
AUTOBIOGRAPHERS
WHAT DO YOU MEAN?
    $200 4
Confederate battleflag

Lise
    $200 2
Nightmare on Elm Street

Kevin
    $200 26
(Lise: What are cicadas?)

grasshoppers

Lise
Triple Stumper
    $200 21
Max Factor

Kevin
    $200 1
Tammy Wynette

Kevin
    $200 14
Stat

Jamie
    $400 7
(Jamie: Who is Jesse Ventura?)
(Alex: Governor of [*]--yes... no, I did a boo-boo; I gave you the correct response... like you, I was enthralled by listening to his voice!)

Minnesota

Jamie
Triple Stumper
    $400 3
Jackie Chan

Jamie
    $400 27
Hornets

Kevin
    $400 22
(Lise: Who is Max van Sydow?)

Max von Sydow

JamieLise
    $400 5
Beverly Sills

Lise
    $400 15
86

Kevin
    $600 8
Michigan

Jamie
    $600 11
The Shawshank Redemption

Lise
    $600 28
Larval

Kevin
    $600 23
Peter Max

Kevin
    $600 6
Ingmar Bergman

Jamie
    $600 16
Shack

Jamie
    $2,000 9
(Jamie: What is New Hampshire?)

Wyoming

Jamie
    $800 19
Marsha Mason

Kevin
    $800 29
entomology

Jamie
    $800 24
(Kevin: Who is Max Ernst?)
(Lise: Who is Max Von Planck?)
...
(Alex: We have a minute to go.)

Max Planck

JamieLiseKevin
    $1,200 12
The Dalai Lama

Lise
    $800 17
(Kevin: What is a warren?)

a hutch

LiseKevin
    $1000 10
Christine Todd Whitman

Kevin
    $1000 20
(Kevin: What is...)

Asta

LiseKevin
    $1000 30
(Lise: What are bettys?)
(Kevin: What are veronicas?)

a midge

LiseKevin
Triple Stumper
    $1000 25
Maxwell Anderson

Kevin
    $1000 13
Dan Quayle

Lise
    $1000 18
Bipolar disorder

Lise

Scores at the end of the Double Jeopardy! Round:

Jamie Lise Kevin
$3,900 $4,400 $6,000

[wagering suggestions for these scores]

Final Jeopardy! Round responses

ARTISTS
JamieWho is Picasso?
$2,200
LiseWho was
$399
KevinWho is Toulouse-Lautrec
$2,900
Henri de Toulouse-Lautrec

Final scores:

Jamie Lise Kevin
$1,700 $4,001 $8,900
3rd place: ViewSonic VP-150 Computer/TV Monitor 2nd place: Trip to Spa Atlantis Ocean Resort, Pompano Beach, Florida New champion: $8,900

Game dynamics:

Coryat scores:

Jamie Lise Kevin
$5,900 $4,000 $5,700
15 R,
3 W
(including 1 DD)
12 R
(including 1 DD),
6 W
26 R
(including 1 DD),
7 W

Combined Coryat: $15,600

[game clues] [game scores] [suggest correction]

Game tape date: 2000-02-28
The J! Archive is created by fans, for fans. Scraping, republication, monetization, and malicious use prohibited; this site may use cookies and collect identifying information. See terms. The Jeopardy! game show and all elements thereof, including but not limited to copyright and trademark thereto, are the property of Jeopardy Productions, Inc. and are protected under law. This website is not affiliated with, sponsored by, or operated by Jeopardy Productions, Inc. Join the discussion at JBoard.tv.